Les 20 Capitales au Nord de Paris (Mort subite) - Statistiques

Statistiques générales
  • Ce quiz a été pris 737 fois
  • Le résultat moyen est 9 sur 20
Answers on the Grid
Answers color-coded by a green-red scale on the quiz's grid according to % correct below.
Luxembourg
Prague
Kiev
Bruxelles
Astana
Londres
Varsovie
Amsterdam
Berlin
Dublin
Minsk
Vilnius
Copenhague
Moscou
Riga
Stockholm
Tallinn
Oslo
Helsinki
Reykjavik
Vienne
Brastislava
Oulan-Bator
Budapest
Vaduz
Chişinău
Berne
Ljubljana
Zagreb
Ottawa
Belgrade
Bucarest
Saint-Marin
Sarajevo
Monaco
Bichkek
Sofia
Pristina
Andorre-la-Vieille
Podgorica
 
Statistiques - réponses
Réponse % Correct
Londres
60%
Amsterdam
59%
Oslo
59%
Reykjavik
59%
Bruxelles
57%
Stockholm
55%
Copenhague
54%
Helsinki
53%
Dublin
52%
Berlin
49%
Moscou
47%
Luxembourg
45%
Vilnius
41%
Riga
40%
Tallinn
38%
Varsovie
30%
Minsk
27%
Kiev
12%
Prague
10%
Astana
9%
Aucun quiz correspondant
Distribution des résultats
% des personnes avec chaque résultat
Percentile par nombre de réponses
Votre historique - résultats
Vous n’avez pas pris ce quiz